000 00382nam a2200181Ia 4500
100 _aBurdea/Grigore C
650 _aVirtual reality
250 _a3
942 _cBK
366 _f25
654 _avirtual reality
245 _aVirtual Reality technology
260 _bWiley India
_aMumbai
_c2003
082 _a5.43
_bBUR
300 _a444
546 _aENGLISH
999 _c23727
_d23727